000 01377cam a2200277 4500
008 040817n2004 000 0 eng u
020 _a0071402020
035 _a(Sirsi) u127077
041 _aeng
050 _a697
_c22
245 4 _aThe HVAC handbook
260 _aNew York
_bMcGraw-Hill
_c2004
300 _axiii, 1712p.
_bill.
_c24cm.
350 _a90
520 _aThis American manual provides information and advice on the operation and maintenance of Heating, Ventilating and Air Conditioning (HVAC) systems. Divided into six main sections, the text covers: system design and applications; HVAC operations; managing maintenance for HVAC; HVAC components - selection and maintenance; air distribution management and maintenance; and piping and ductwork - selection and maintenance. Appendices include an engineering guide for altitude corrections, metric conversion tables, and a glossary.
650 _aBlock management
_96220
650 _aBUILT ENVIRONMENT-BUILDING MAINTENANCE AND REFURBISHMENT
650 _aVENTILATION
650 _aBUILT ENVIRONMENT-BUILDING ELEMENTS-COMPLETE BUILDING SERVICES ELEMENTS-COMPLETE HEATING, VENTILATION AND AIR CONDITIONING SYSTEMS
650 _aHEATING SYSTEMS
650 _aUNITED STATES
650 _aHVAC ENGINEERING
690 _aBlock management
_96220
700 _aRosaler, Robert C.
_xEditor
942 _n0
999 _c103702
_d103702